Real Housewives - Statistics

General Stats
  • This quiz has been taken 280 times
  • The average score is 78 of 136
Answer Stats
Hint Answer WS HMS G/F % Correct
Real Housewives of Atlanta Kim S1-5 7 S9-10
91%
Real Housewives of Atlanta Kim S8 1 0
91%
Real Housewives of Beverly Hills Kim S1-5 8 S6,S9-10
91%
Real Housewives of Atlanta Lisa S1-2 5 S3,S9-10
91%
Real Housewives of Beverly Hills Lisa S1-9 9 0
91%
Real Housewives of Beverly Hills Lisa S5- 5 0
91%
Real Housewives of Miami Lisa S2-3 2 0
91%
Real Housewives of Salt Lake City Lisa S1 1 0
91%
Real Housewives of Beverly Hills Kyle S1- 10 0
88%
Real Housewives of OC Heather S7-11 4 0
85%
Real Housewives of New York Heather S5-6 7 S7-10,S12
85%
Real Housewives of Salt Lake City Heather S1 1 0
85%
Real Housewives of OC Tamra S3-14 11 0
85%
Real Housewives of New Jersey Teresa S1- 10 0
85%
Real Housewives of New Jersey Teresa S6 2 S7
85%
Real Housewives of Salt Lake City Jen S1 1 0
84%
Real Housewives of OC Vicki S1-13 14 S14
84%
Real Housewives of New York Bethenny S1-3,S7-11 7 0
83%
Real Housewives of OC Jo S1-2 4 S3-4
83%
Real Housewives of New York Luann S1-5,S7- 12 S6
82%
Real Housewives of Atlanta NeNe S1-7,S10-12 11 S8
82%
Real Housewives of New York Ramona S1- 12 0
81%
Real Housewives of Dallas Marie 0 1 S1
80%
Real Housewives of Salt Lake City Mary S1 1 0
80%
Real Housewives of New Jersey Melissa S3- 9 S2
80%
Real Housewives of New York Sonja S3-12 9 0
80%
Real Housewives of New York Jill S1-4 8 S9-12
78%
Real Housewives of New York Alex S1-4 4 0
77%
Real Housewives of Beverly Hills Erika S6- 4 0
77%
Real Housewives of Beverly Hills Camille S1-2 8 S3,S5-10
76%
Real Housewives of Atlanta Kandi S2- 11 0
76%
Real Housewives of Beverly Hills Brandi S3-5 6 S2,S6,S9-10
75%
Real Housewives of Dallas Brandi S1- 4 0
75%
Real Housewives of New Jersey Caroline S1-5 5 0
74%
Real Housewives of Beverly Hills Dorit S7- 3 0
74%
Real Housewives of Beverly Hills Taylor S1-3 6 S4-6
74%
Real Housewives of OC Kelly S11- 5 0
73%
Real Housewives of New York Kelly S2-4 4 S6
73%
Real Housewives of OC Danielle 0 1 S9
70%
Real Housewives of New Jersey Danielle S1-2 5 S8-10
70%
Real Housewives of New Jersey Kathy S3-5 5 S2,S6-7
70%
Real Housewives of Beverly Hills Adrienne S1-3 7 S5-6,S8,S10
69%
Real Housewives of Beverly Hills Carlton S4 1 0
69%
Real Housewives of Beverly Hills Yolanda S3-6 3 0
69%
Real Housewives of Beverly Hills Joyce S4 1 0
68%
Real Housewives of OC Shannon S9- 6 0
68%
Real Housewives of Atlanta Porsha S5,S8- 9 S6-7
67%
Real Housewives of Beverly Hills Denise S9-10 3 S5
66%
Real Housewives of New York Dorinda S7- 6 S4
66%
Real Housewives of Beverly Hills Eileen S5-6 5 S7-8,S10
65%
Real Housewives of New Jersey Jacqueline S1-5,S7 7 S6
65%
Real Housewives of New Jersey Margaret S8- 3 0
65%
Real Housewives of New York Carole S5-10 5 0
64%
Real Housewives of New Jersey Dina S1-2,S6 4 S4
64%
Real Housewives of OC Emily S13- 4 S10
64%
Real Housewives of New Jersey Jackie S9- 2 0
64%
Real Housewives of Atlanta Kenya S5-10,S12- 8 S11
64%
Real Housewives of New York Jennifer 0 2 S3,S5
63%
Real Housewives of New Jersey Jennifer S9- 2 0
63%
Real Housewives of Atlanta Sheree S1-4,S9-10 7 S8
63%
Real Housewives of Atlanta Cynthia S3- 10 0
61%
Real Housewives of New Jersey Dolores S7- 7 S1,S3-4
61%
Real Housewives of Potomac Karen S1- 5 0
61%
Real Housewives of Miami Lea S1-3 3 0
61%
Real Housewives of Atlanta Phaedra S3-9 6 0
61%
Real Housewives of Beverly Hills Teddi S8-10 3 0
61%
Real Housewives of Beverly Hills Garcelle S10 1 0
60%
Real Housewives of OC Gina S13- 3 0
60%
Real Housewives of OC Gretchen S4-8 5 S12
60%
Real Housewives of Salt Lake City Meredith S1 1 0
60%
Real Housewives of Salt Lake City Whitney S1 1 0
60%
Real Housewives of New York Aviva S5-6 2 0
58%
Real Housewives of Potomac Ashley S1- 5 0
53%
Real Housewives of Atlanta Deshawn S1 1 0
53%
Real Housewives of Potomac Gizelle S1- 5 0
53%
Real Housewives of New Jersey Siggy S7-8 2 0
53%
Real Housewives of Beverly Hills Sutton 0 1 S10
53%
Real Housewives of OC Alexis S5-8 4 S14
52%
Real Housewives of Miami Alexis S1,S3 3 S2
52%
Real Housewives of Potomac Katie S1 3 S2,S4
52%
Real Housewives of Potomac Robyn S1- 5 0
52%
Real Housewives of New York Tinsley S9- 4 0
51%
Real Housewives of OC Jeana S1-5 10 S6-7,S10-13
50%
Real Housewives of New York Cindy S4 1 0
48%
Real Housewives of New Jersey Nicole S6 2 S7
48%
Real Housewives of New Jersey Amber S6 1 0
47%
Real Housewives of Atlanta Eva S11-12 3 S10
47%
Real Housewives of New York Kristen S6 1 0
47%
Real Housewives of OC Lauri S1-4 6 S5,S8
45%
Real Housewives of OC Tammy S2-3 6 S4-6,S10
45%
Real Housewives of OC Braunwyn S14- 2 0
44%
Real Housewives of New York Leah S12- 1 0
44%
Real Housewives of Atlanta Marlo 0 7 S4,S6,S8-13
44%
Real Housewives of Miami Marysol S1-2 3 S3
44%
Real Housewives of OC Meghan S10-12 5 S9,S14
44%
Real Housewives of Potomac Candiace S3- 3 0
43%
Real Housewives of OC Lydia S8,S12 2 0
43%
Real Housewives of OC Peggy S6 2 S7
43%
Real Housewives of OC Peggy S12 1 0
43%
Real Housewives of Atlanta Claudia S7 1 0
42%
Real Housewives of Miami Joanna S2-3 2 0
42%
Real Housewives of Beverly Hills Kathryn S6 1 0
42%
Real Housewives of Potomac Monique S2- 4 0
41%
Real Housewives of Potomac Wendy S5 1 0
41%
Real Housewives of OC Elizabeth S15- 1 0
40%
Real Housewives of Miami Larsa S1 1 0
40%
Real Housewives of OC Kimberly S1 4 S2-4
39%
Real Housewives of Atlanta Drew S13- 1 0
38%
Real Housewives of Dallas Stephanie S1- 4 0
38%
Real Housewives of Beverly Hills Faye 0 8 S1-3,S5-6,S8-10
36%
Real Housewives of New York Jules S8 1 0
36%
Real Housewives of OC Lynne S4-5 4 S6,S10
36%
Real Housewives of OC Quinn S3 4 S4-6
36%
Real Housewives of Dallas Tiffany S1 3 S2,S4
36%
Real Housewives of OC Lizzie S9 4 S10,S12,S14
35%
Real Housewives of Miami Adriana S1-3 3 0
34%
Real Housewives of Dallas D'Andra S2- 3 0
33%
Real Housewives of Dallas LeeAnne S1- 4 0
33%
Real Housewives of Potomac Charrisse S1-2 4 S3,S5
32%
Real Housewives of Atlanta Shamari S11 1 0
31%
Real Housewives of Atlanta Tanya 0 3 S11-13
31%
Real Housewives of Dallas Cary S1-3 4 S4
30%
Real Housewives of Beverly Hills Dana 0 3 S1-3
30%
Real Housewives of Dallas Kary S4 1 0
30%
Real Housewives of Miami Ana S2 3 S1,S3
28%
Real Housewives of Atlanta Shamea 0 7 S5-6,S8-13
28%
Real Housewives of Dallas Kameron S2- 3 0
27%
Real Housewives of Miami Karent S2 2 S3
27%
Real Housewives of New Jersey Rosie 0 4 S3-7
27%
Real Housewives of OC Sarah 0 3 S5-7
27%
Real Housewives of New York Barbara 0 6 S3-6,S8-9,S11
24%
Real Housewives of Beverly Hills Eden 0 1 S3
24%
Real Housewives of Miami Cristy S1 1 0
20%
Real Housewives of Atlanta LaToya 0 1 S13
16%
Real Housewives of OC Fernanda 0 2 S5-6
13%
Real Housewives of New York Elyse 0 3 S9-10,S12
10%
No matching quizzes found
Score Distribution
Percent of People with Each Score
Percentile by Number Answered
Your Score History
You have not taken this quiz